| 000 | nam a22 7a 4500 | ||
|---|---|---|---|
| 999 |
_c44072 _d44072 |
||
| 003 | OSt | ||
| 005 | 20180430123318.0 | ||
| 008 | 180430b xxu||||| |||| 00| 0 eng d | ||
| 040 | _cIIMT UNIVERSITY, MEERUT | ||
| 082 |
_24TH _a624.500 |
||
| 100 | _aBIRDIE, AHUJA | ||
| 245 |
_aTEXT BOOK OF BUILDING CONSTRUCTION & CONSTRUCTION MATERIALS _cAUTHOR _hENGLISH |
||
| 250 | _a4TH ED. | ||
| 260 |
_aDELHI _bDHANPAT RAI _c2012 |
||
| 300 |
_b4TH ED.1.832 PP _ePAPERBACK |
||
| 760 | _b4TH ED. | ||
| 856 |
_3PAPERBACK _zPAPERBACK |
||
| 942 |
_2ddc _c01 _e2ND. _hTITLE _iBOOK _k624.055BIR _m624.055BIR |
||